LEADER 04033oas 2201429 a 450 001 9910216938603321 005 20251106213014.0 011 $a1751-228X 035 $a(DE-599)ZDB2409469-9 035 $a(OCoLC)123539820 035 $a(CONSER) 2007252820 035 $a(CKB)1000000000277780 035 $a(EXLCZ)991000000000277780 100 $a20070426a20079999 uy 101 0 $aeng 135 $aurcnu|||||||| 181 $ctxt$2rdacontent 182 $cc$2rdamedia 183 $acr$2rdacarrier 200 00$aMind, brain and education $ethe official journal of the International Mind, Brain, and Education Society 210 $a[Malden, MA] $c[Blackwell Pub.] 215 $a1 online resource 300 $aRefereed/Peer-reviewed 311 08$a1751-2271 606 $aCognitive learning$vPeriodicals 606 $aEducation$xResearch$vPeriodicals 606 $aDevelopmental psychobiology$vPeriodicals 606 $aCognitive neuroscience$vPeriodicals 606 $aCognitive science$vPeriodicals 606 $aLearning 606 $aLearning 606 $aCognitive Science 606 $aApprentissage cognitif$vPe?riodiques 606 $aE?ducation$xRecherche$vPe?riodiques 606 $aPsychobiologie du de?veloppement$vPe?riodiques 606 $aNeurosciences cognitives$vPe?riodiques 606 $aSciences cognitives$vPe?riodiques 606 $aApprentissage 606 $aLearning$2fast$3(OCoLC)fst00994826 606 $aCognitive learning$2fast$3(OCoLC)fst00866532 606 $aCognitive neuroscience$2fast$3(OCoLC)fst00866540 606 $aCognitive science$2fast$3(OCoLC)fst00866547 606 $aDevelopmental psychobiology$2fast$3(OCoLC)fst00891815 606 $aEducation$xResearch$2fast$3(OCoLC)fst00902743 606 $aAprenentatge cognitiu$2thub 606 $aPsicologia del desenvolupament$2thub 606 $aNeurociència cognitiva$2thub 608 $aPeriodical. 608 $aperiodicals.$2aat 608 $aPeriodicals.$2fast 608 $aPeriodicals.$2lcgft 608 $aPe?riodiques.$2rvmgf 608 $aRevistes electròniques.$2thub 615 0$aCognitive learning 615 0$aEducation$xResearch 615 0$aDevelopmental psychobiology 615 0$aCognitive neuroscience 615 0$aCognitive science 615 0$aLearning. 615 12$aLearning. 615 22$aCognitive Science. 615 6$aApprentissage cognitif 615 6$aE?ducation$xRecherche 615 6$aPsychobiologie du de?veloppement 615 6$aNeurosciences cognitives 615 6$aSciences cognitives 615 6$aApprentissage. 615 7$aLearning. 615 7$aCognitive learning. 615 7$aCognitive neuroscience. 615 7$aCognitive science. 615 7$aDevelopmental psychobiology. 615 7$aEducation$xResearch. 615 7$aAprenentatge cognitiu. 615 7$aPsicologia del desenvolupament. 615 7$aNeurociència cognitiva. 712 02$aInternational Mind, Brain, and Education Society, 801 0$bTFW 801 1$bTFW 801 2$bWAU 801 2$bDLC 801 2$bMUQ 801 2$bLGG 801 2$bOCLCQ 801 2$bOCLCO 801 2$bOCLCF 801 2$bMYG 801 2$bOCLCO 801 2$bCOO 801 2$bOCLCQ 801 2$bSCB 801 2$bOCLCO 801 2$bNLE 801 2$bBUF 801 2$bOCLCQ 801 2$bUKMGB 801 2$bOCLCQ 801 2$bVT2 801 2$bOCLCO 801 2$bU3W 801 2$bNJT 801 2$bOCLCA 801 2$bUBY 801 2$bOCLCO 801 2$bSFB 801 2$bUX1 801 2$bLND 801 2$bSTF 801 2$bFIE 801 2$bOCLCO 801 2$bOCLCQ 801 2$bOCLCO 801 2$bOCL 801 2$bOCLCQ 801 2$bUAB 801 2$bCUS 801 2$bOCLCL 801 2$bOCLCQ 906 $aJOURNAL 912 $a9910216938603321 996 $aMind, brain and education$91975091 997 $aUNINA